00679nam a22002057a 4500003000900000005001700009008003000026020001500056040002200071082002800093100003100121245007500152260004200227300002800269490002800297650003500325650003500360700004400395700003400439DO-SdBNP20240806114450.0161205b 2005 sp a 00| 0 spa d a8496412709 aBPMSUbspacBPMSU 4aA863.44bS998s 20052221 aSzpunberg, Alberto d1940-13aLa sirenita /cHans Christian Andersen, adaptación Alberto Szpunberg aBarcelona :bDiario El País,c2005. a45 p. :bil., ;c20 cm.0 aCuentos infantiles,v16 4aCuentos infantiles argentinos  4aLiteratura infantil argentina 1 aSzpunberg, Alberto d1940-tLa sirenita1 aInk, Lancman eilustración